| Tag |
First Indicator |
Second Indicator |
Subfields |
| LEADER |
00000cam a2200000 a 4500 |
| 001 |
in00001189521 |
| 005 |
20151002064555.0 |
| 007 |
hd afv---baca |
| 008 |
910107s1861 xx a 000 0 eng d |
| 035 |
|
|
|a (OCoLC)22929020
|
| 035 |
|
|
|9 AGJ9304AM
|
| 040 |
|
|
|a FEI
|c FEI
|d UtOrBLW
|
| 043 |
|
|
|a n-us-va
|a n-usu--
|
| 049 |
|
|
|a TXAI
|
| 090 |
|
|
|a E487
|b .C66 1974 reel 106 no. 3238-1
|
| 099 |
|
|
|a Film
|a B 1664
|a reel 106, no. 3238-1.
|
| 245 |
0 |
0 |
|a Grand concert for the benefit of the wives and children of the Maryland Volunt'rs at the United Presbyterian Church, corner of Franklin and 8th Streets, by ladies & gentlemen amateurs, assisted by able professors, Thursday, December 19th, 1861.
|
| 264 |
|
1 |
|a [Richmond] :
|b [publisher not identified],
|c [1861]
|
| 300 |
|
|
|a 1 broadside ;
|c 25 x 11 cm.
|
| 336 |
|
|
|a text
|b txt
|2 rdacontent
|
| 337 |
|
|
|a microform
|b h
|2 rdamedia
|
| 338 |
|
|
|a microfilm reel
|b hd
|2 rdacarrier
|
| 500 |
|
|
|a Caption title.
|
| 500 |
|
|
|a Filmed from the holdings of the Museum of the Confederacy, Richmond, Virginia.
|
| 533 |
|
|
|a Microfilm.
|b New Haven, Conn. :
|c Research Publications,
|d [1974].
|e On reel 106 of 143 microfilm reels ; 35 mm.
|f (Confederate imprints, 1861-1865 ; reel 106, no. 3238-1).
|
| 539 |
|
|
|a s
|b 1974
|d ctu
|e n
|
| 500 |
|
|
|a Microform.
|
| 650 |
|
0 |
|a Playbills
|z Virginia
|z Richmond.
|
| 650 |
|
0 |
|a Playbills
|z Confederate States of America.
|
| 830 |
|
0 |
|a Confederate imprints, 1861-1865 ;
|v reel 106, no. 3238-1.
|
| 999 |
|
|
|a MARS
|
| 999 |
f |
f |
|s 05d0c748-7c59-336c-aaca-cf536216ef13
|i 169508f8-4b90-3b93-8ed2-2def0aed0120
|t 0
|
| 952 |
f |
f |
|p default
|a Texas A&M University
|b College Station
|c Sterling C. Evans Library
|d Evans: Microforms (3rd floor)
|t 0
|e Film B 1664 reel 106, no. 3238-1.
|h Other scheme
|i microform -- microfilm reel
|
| 998 |
f |
f |
|a Film B 1664 reel 106, no. 3238-1.
|t 0
|l Evans: Microforms (3rd floor)
|